000 00507nam a2200181Ia 4500
003 GCL
008 140319s9999 xx 000 0 ara d
040 _aGCL /
_cGCL
082 0 4 _a792.025
_bك ح
100 1 _aممدوح عدوان
245 1 0 _aحول الإخراج المسرحى /
_cممدوح عدوان
700 1 _aكليرمان , هارون
700 1 _aعلى كنعان
490 _a100 قصة
_v0
650 0 4 _aالاخراج المسرحى
650 0 4 _aالمسرح
942 _2ddc
_cBK
999 _c44095
_d44095